000 00353nam a2200121Ia 4500
005 20260326100036.0
008 260326s9999||||xx |||||||||||||| ||und||
100 _aGehry, Frank O.
245 0 _aEl Proceso Creativo :
_b Museo de la Biodiversidad / Panamá /
_cFrank O. Gehry
260 _bFundación Amador
650 _aARQUITECTURA REGIONAL
942 _cBK
999 _c6794
_d6794